A NUMERICAL IMPLEMENTATION OF THE SCHAPERY MODEL FOR NONLINEAR VISCO-ELASTICITY /

Uloženo v:
Podrobná bibliografie
Hlavní autor: Rooijackers, Henricus Franciscus Leo
Médium: Kniha
Jazyk:angličtina
Vydáno: Eindhoven : Technická univerzita, 1988
On-line přístup: Získat plný text
Tagy: Přidat tag
Žádné tagy, Buďte první, kdo vytvoří štítek k tomuto záznamu!

MARC

LEADER 00000nam a2200000 4500
003 SK-BrCVT
005 20220617123258.0
008 890101s1988 ne e ||||||eng d
035 |a CVTIDW0877157 
040 |b slo  |a CVTI SR 
041 0 |a eng 
044 |a ne 
080 |a 532.135.001.57  |2 UDC-MRF 
100 1 |a Rooijackers, Henricus Franciscus Leo 
242 1 0 |a NUMERICKÁ IMPLEMENTÁCIA SCHAPERYHO MODELU NELINEÁRNEJ VISKOELASTICITY 
245 1 2 |a A NUMERICAL IMPLEMENTATION OF THE SCHAPERY MODEL FOR NONLINEAR VISCO-ELASTICITY /  |c Henricus Franciscus Leo Rooijackers 
260 |a Eindhoven :  |b Technická univerzita,  |c 1988 
300 |a 113 S. :  |b grafy, lit., obr. ; 
692 |a Pc Sm Km 
910 |b A497718 
974 |f Knihy 
992 |a DDZ 
999 |c 25310  |d 25310